| 000 | 00714nam a2200121Ia 4500 | ||
|---|---|---|---|
| 008 | 220616s9999||||xx |||||||||||||| ||und|| | ||
| 245 | 0 |
_aPractices of Comparing _bTowards a New Understanding of a Fundamental Human Practice |
|
| 546 | _aEnglish[eng] | ||
| 650 | _aPractices||Theory||Comparing||Comparison||Historical Change||Digital Humanities||Society||Cultural History||Literature||Literary Studies||Political Sociology||Sociology of Knowledge||Bielefeld University Press | ||
| 700 | _aEpple, Angelika||Erhart, Walter||Grave, Johannes | ||
| 856 | _uhttps://library.oapen.org/bitstream/20.500.12657/41191/1/9783839451663.pdf||https://library.oapen.org/bitstream/20.500.12657/41191/1/9783839451663.pdf | ||
| 942 | _cEB | ||
| 999 |
_c20112 _d20112 |
||